Central Library OPAC University of Rajshahi

Zeami's style : (Record no. 63021)

MARC details
000 -LEADER
fixed length control field 00802nam a2200241 a 4500
001 - CONTROL NUMBER
control field 63021
003 - CONTROL NUMBER IDENTIFIER
rucl marc code BD-RjUL
005 - DATE AND TIME OF LATEST TRANSACTION
control field 20211209081142.0
008 - FIXED-LENGTH DATA ELEMENTS--GENERAL INFORMATION
fixed length control field 170128s1986 caua b 001 0 eng d
035 ## - SYSTEM CONTROL NUMBER
System control number (BD-RjUL)63149
040 ## - CATALOGING SOURCE
Original cataloging agency DLC
Transcribing agency DLC
Modifying agency BD-RjUL
Language of cataloging eng
041 ## - LANGUAGE CODE
Language code of text/sound track or separate title eng
082 ## - DEWEY DECIMAL CLASSIFICATION NUMBER
Classification number 895.6224
Author mark and year HAZ 1986
100 1# - MAIN ENTRY--PERSONAL NAME
Personal name Hare, Thomas Blenman,
Dates associated with a name 1952-
9 (RLIN) 187480
245 10 - TITLE STATEMENT
Title Zeami's style :
Remainder of title the noh plays of Zeami Motokiyo /
Statement of responsibility, etc. Thomas Blenman Hare
260 ## - PUBLICATION, DISTRIBUTION, ETC. (IMPRINT)
Place of publication, distribution, etc. Stanford, Calif :
Name of publisher, distributor, etc. Stanford University Press,
Date of publication, distribution, etc. 1986
300 ## - PHYSICAL DESCRIPTION
Pagination xii, 319 p. :
Illustrations ill ;
Size 24 cm
504 ## - BIBLIOGRAPHY, ETC. NOTE
Bibliography, etc Includes Bibliography: p. 301-308 and index
600 00 - SUBJECT ADDED ENTRY--PERSONAL NAME
Personal name Zeami,
Dates associated with a name 1363-1443
General subdivision Criticism and interpretation.
650 #0 - SUBJECT ADDED ENTRY--TOPICAL TERM
Topical term or geographic name as entry element Nō plays
General subdivision History and criticism
9 (RLIN) 187482
942 ## - ADDED ENTRY ELEMENTS (KOHA)
Source of classification or shelving scheme Dewey Decimal Classification
Koha item type Books
Holdings
Lost status Source of classification or shelving scheme Damaged status Not for loan Collection code Permanent Location Current Location Shelving location Date acquired Total Checkouts Full call number Date last seen Copy number Koha item type
  Dewey Decimal Classification   Not For Loan Non-fiction Central Library, University of Rajshahi Central Library, University of Rajshahi Reading Room 05/07/1994   895.6224 HAZ 1986 28/01/2017 C-1 Books